| 000 | 01104nam a22002891i 4500 | ||
|---|---|---|---|
| 005 | 20201108162055.0 | ||
| 008 | 201108t2017 my a|||g ||| 000 0 may d | ||
| 020 |
_a9789671336311 _cRM 55.00 _qpaperback |
||
| 040 |
_aPPAK _beng _cPPAK _erda |
||
| 082 | 0 | 4 |
_223 _a398.20959522 |
| 090 | 0 | 0 |
_a398.20959522 _bHEI _dG |
| 100 | 0 |
_aHeidi Munan _d1941-, _eauthor. |
|
| 245 | 1 | 0 |
_aSARAWAK FOLKTALES : _bBIDAYUH, IBAN, MALAY, MELANAU, ORANG ULU / _cheidimunan |
| 264 | 1 |
_aSarawak : _bMUCOW books company , _c2017 |
|
| 264 | 4 | _c©2017 | |
| 300 |
_a256 pages : _billustration (black and white) ; _c22 cm. |
||
| 336 |
_2rdacontent _atext |
||
| 337 |
_2rdamedia _aunmediated |
||
| 338 |
_2rdacarrier _avolume |
||
| 650 | 1 | 0 |
_aTales _zMalaysia _zSarawak. |
| 650 | 2 | 0 |
_aBidayuh (Bornean people) _zMalaysia _zSarawak _xFolkfore. |
| 650 | 2 | 0 |
_aIban (Bornean people) _zMalaysia _zSarawak _xFolkfore. |
| 650 | 2 | 0 |
_aMalay (Bornean people) _zMalaysia _zSarawak _xFolkfore. |
| 650 | 2 | 0 |
_aMelanau (Bornean people) _zMalaysia _zSarawak _xFolkfore. |
| 650 | 2 | 0 |
_aOrang Ulu (Bornean people) _zMalaysia _zSarawak _xFolkfore. |
| 942 |
_2ddc _cB |
||
| 999 |
_c179735 _d179735 |
||